| 000 | 00655nam a22002294a 4500 | ||
|---|---|---|---|
| 001 | BIBLIOTECA MUNICIPAL DE BARRANCO | ||
| 007 | ta | ||
| 008 | t pe gr 00| 0 spa d | ||
| 017 | _a2024-09527 | ||
| 020 | _a978-612-49466 | ||
| 040 | _aBIBLIOTECA MUNICIPAL DE BARRANCO | ||
| 041 | _aspa | ||
| 043 | _cpe | ||
| 082 |
_a869.56 _bLI79 2024 |
||
| 100 | _aLlaury, S.H, 1961 | ||
| 245 |
_aDe Barranco a París / _cS.H. Llaury |
||
| 250 | _a1a ed. | ||
| 260 |
_aLima : _bEris Editorial, _c2024 |
||
| 300 |
_a94 p. : _bilustraciones en color ; _c21 cm. |
||
| 650 | 0 |
_968 _aNovelas peruanas -- Siglo XX |
|
| 942 |
_cBK _e2025-05-29 _zGHÑ |
||
| 999 |
_c10876 _d10876 |
||